000
00288 a2200121 4500
001
39556
082
_a
321.0205491 MEH
090
_c
24674
_d
24674
100
_a
Mehrunnisa
245
_a
Politics of federalism in Pakistan
260
_a
Karachi
_b
Royal book
_c
1996
300
_a
169p
942
_a
NUST-CAE
_k
321.0205491 MEH
999
_c
274629
_d
274629